BIOSTATISTICS FOR ORAL HEALTH CARE (Record no. 9931)

MARC details
000 -LEADER
fixed length control field 00325nam a22001457a 4500
020 ## - INTERNATIONAL STANDARD BOOK NUMBER
International Standard Book Number 978-0-8138-2818-3
082 ## - DEWEY DECIMAL CLASSIFICATION NUMBER
Classification number 617.600,B08B
100 ## - MAIN ENTRY--PERSONAL NAME
Personal name KIM,JAY.S
245 ## - TITLE STATEMENT
Title BIOSTATISTICS FOR ORAL HEALTH CARE
250 ## - EDITION STATEMENT
Edition statement 1ST
260 ## - PUBLICATION, DISTRIBUTION, ETC. (IMPRINT)
Place of publication, distribution, etc USA
Name of publisher, distributor, etc BLACKWELL MUNKSGAARD
Year of Publication 2008
300 ## - PAGE DESCRIPTION
No. of Pages 332
650 ## - SUBJECT ADDED ENTRY--TOPICAL TERM
Topical term or geographic name as entry element PCD
942 ## - ADDED ENTRY ELEMENTS (KOHA)
Source of classification or shelving scheme Dewey Decimal Classification
Koha item type Books
Holdings
Withdrawn status Lost status Source of classification or shelving scheme Damaged status Not for loan Home library Current library Shelving location Date acquired Vendor Name Cost, normal purchase price SGTU Bill Number Total Checkouts Full call number Accession No. (Barcode) Date last seen Bill Date Koha item type
    Dewey Decimal Classification     SGT Dental Library SGT Dental Library Reference Book 21/09/2016 ABC 13220.00 SGTU 6923   617.600,B08B FD7433 21/09/2016 21/09/2016 Books